000 00383nam a2200157Ia 4500
008 230917s9999||||xx |||||||||||||| ||und||
040 _e17646
_aMAIN
041 _aEnglish
082 _a005.74 G641H
100 _aGookin, Dan
245 0 _aHard disk management with DOS
250 _a2nd ed.
260 _aBlue Ridge Summit
_bWINDCRAET
_c1990
300 _axv,366 p.
942 _cBK
999 _c65355
_d65355